000 00461nam a2200169Ia 4500
003 LK-CoDNM
008 010623t2010 xxu||||| |||| 00| 1 sin d
040 _aLK-CoDNM
_dLK-CoDNM
_eLK-CoDNM
041 _asin
080 _a294.3 GNA
100 _aGnananda Himi,Kiribathgoda
245 _aසිතට සුව දෙන භාවනා
246 _aSithata Suwa Dena Bawana
260 _bMahamega
_aPolgahawela
_c2010
300 _b262, 21 cm
942 _cBK
999 _c130519
_d130519